Statistics for Hard vocabulary.

Click here to take the quiz!

General Stats

  • This quiz has been taken 82 times
  • The average score is 9 of 15

Answer Stats

QuestionAnswer% Correct
clemencyDisposition to be merciful
92%
defeasibleCapable of being annulled or made void
78%
homogenyCorrespondence between parts or organs
77%
obtrudeTo thrust out
69%
penanceAn act of self abasement
66%
leeA protecting shelter
62%
brioEnthusiastic vigor
59%
bondmaidA female slave
58%
NonplussedFilled with bewilderment
57%
basculeAn structure in which one end is counterbalanced by the other on the principle of the seesaw or weights
46%
volvaIntegument
43%
itineraryA traveler’s guide book
41%
ficoGesture of contempt
41%
towheeA common finch
35%
altheaA hollyhock or related plant
35%

Score Distribution

Percentile by Number Answered

Percent of People with Each Score

Your Score History

You have not taken this quiz